000 00689nam a2200241Ia 4500
003 OSt
005 20220926004630.0
006 a|||||r|||| 00| 0
007 ta
008 220923b |||||||| |||| 00| 0 eng d
020 _a817167514X
037 _cGeneral Book
040 _aRTL
_cRTL
_beng
041 _2eng
_aeng
082 _aY:3(Q:45).252NE.M7, A;P1
100 _aSherring REV M A
_9309047
245 0 _aBenares
_b The Sacred city of the Hindus
260 _a New Delhi
_bRupa & Co.
_c2001
300 _axxxiv, 320p
_ccm.
650 _aSociology
942 _hY:3(Q:45).252NE.M7, A;P1
_cGB
_2CC
999 _c611846
_d611846